| 000 | 00820cam a2200265Li 4500 | ||
|---|---|---|---|
| 001 | 76281 | ||
| 005 | 20230410102141.0 | ||
| 008 | 740101s1962 dr 000 j spa d | ||
| 035 | _a(OCoLC)ocn462080193 | ||
| 040 |
_aBDF _bfre _cBDF |
||
| 015 |
_a57306853 _2bnf |
||
| 016 | 7 |
_aFRBNF352328710000003 _2FrPBN |
|
| 035 | _a(OCoLC)462080193 | ||
| 050 | 1 | 4 |
_a118 PQ 7409 _bB598b 1962 |
| 082 | 0 | 0 | _aRD863.3 |
| 100 | 1 |
_aBillini, Francisco Gregorio, _d1844-1898. |
|
| 245 | 1 | 0 |
_aBaní o Engracia y Antoñita : _bnovela original / _cFrancisco Gregorio Billini. |
| 260 |
_aSanto Domingo : _bLibrería Dominicana, _c1962. |
||
| 300 |
_a350 p.-[1] f. : _bportr. ; _c20 cm. |
||
| 490 | 0 |
_aColección Pensamiento dominicano ; _v20 |
|
| 650 | 4 | _aLiteratura dominicana. | |
| 942 |
_2lcc _cbk |
||
| 946 | _aPP | ||
| 994 |
_aC0 _bDRFGD |
||
| 999 |
_c20034 _d20034 |
||